Music Quiz

Random Music or Artist Quiz

Oscar-Winning Hall of Famers Quiz Stats

 Plays Quiz Updated Feb 20, 2020

Support Sporcle.
Go Orange.
Score 0/11 Timer 02:00
3 Plays Today
Year/Category Artist % Correct
1970 - Best Song ScoreThe Beatles
95.8%
1984 - Best Song ScorePrince
93.8%
1994 - Best SongElton John
86.7%
1993 - Best SongBruce Springsteen
64.8%
1999 - Best SongPhil Collins (Genesis)
57.6%
1971 - Best SongIsaac Hayes
56.7%
2001 - Best SongRandy Newman
54.8%
2010 - Best SongRandy Newman
54.8%
1984 - Best SongStevie Wonder
22.7%
2000 - Best SongBob Dylan
18.9%
1987 - Best ScoreDavid Byrne (Talking Heads)
6.5%

From the Vault

Sort the Famous Brothers

by DesertSpartan

It's hard to tell some of these guys apart, it's almost like they're related or something.
Remove Ads.
Support Sporcle.
Get the best of Sporcle when you Go Orange. This ad-free experience offers more features, more stats, and more fun while also helping to support Sporcle. Thank you for becoming a member.

Show Comments

Extras

Top Quizzes Today


Score Distribution

Your Account Isn't Verified!

In order to create a playlist on Sporcle, you need to verify the email address you used during registration. Go to your Sporcle Settings to finish the process.

Report this User

Report this user for behavior that violates our Community Guidelines.

Details: